header

The Emperor Constantine (Record no. 70576)

MARC details
000 -LEADER
fixed length control field 01367nam a2200349Ia 4500
082 04 - DEWEY DECIMAL CLASSIFICATION NUMBER
Classification number 937/.08
100 1# - MAIN ENTRY--AUTHOR NAME
Personal name Pohlsander, Hans A.,
245 14 - TITLE STATEMENT
Title The Emperor Constantine
260 ## - PUBLICATION, DISTRIBUTION, ETC. (IMPRINT)
Place of publication London ;
-- New York :
Name of publisher Routledge,
Year of publication 1996.
300 ## - PHYSICAL DESCRIPTION
Number of Pages xiv, 105 p. :
Other physical details ill., maps.
490 1# - SERIES STATEMENT
Series statement Lancaster pamphlets
650 #0 - SUBJECT ADDED ENTRY--TOPICAL TERM
Topical Term Emperors
856 40 - ELECTRONIC LOCATION AND ACCESS
Uniform Resource Identifier http://site.ebrary.com/lib/rucke/Doc?id=10057137

No items available.

© 2026 Rongo University
Contact us: librarian | system librarian | Rongo university